书目信息 |
| 题名: |
潮声
|
|
| 作者: | ;中国人民大学传播媒介管理研究所 编著 ;中国人民大学新闻与社会发展研究中心 编著 | |
| 分册: | ||
| 出版信息: | 北京 新华出版社 2003.09 |
|
| 页数: | 215页 | |
| 开本: | 21cm | |
| 丛书名: | ||
| 单 册: | ||
| 中图分类: | G219.245.51 | |
| 科图分类: | ||
| 主题词: | 报社--新闻工作--概况--杭州市 , 报社 , 新闻工作 | |
| 电子资源: | ||
| ISBN: | 7-5011-6419-3 | |
| 000 | 00947nam0 2200253 45 | |
| 001 | 012004000000 | |
| 005 | 20041104152256.42 | |
| 010 | @a7-5011-6419-3@dCNY 50.00 | |
| 100 | @a20040917d2003 em y0chiy0121 ea | |
| 101 | 0 | @achi |
| 102 | @aCN@b110000 | |
| 105 | @aaf z 000yy | |
| 200 | 1 | @a潮声@Achao sheng@e孟玉兔与《钱江晚报》现象@f中国人民大学传播媒介管理研究所, 中国人民大学新闻与社会发展研究中心编著 |
| 210 | @a北京@c新华出版社@d2003.09 | |
| 215 | @a215页@c图, 照片@d21cm | |
| 517 | @a孟玉兔与《钱江晚报》现象 | |
| 606 | 0 | @a报社@x新闻工作@x概况@y杭州市 |
| 606 | 0 | @a报社 |
| 606 | 0 | @a新闻工作 |
| 690 | @aG219.245.51@v4 | |
| 711 | 02 | @a中国人民大学传播媒介管理研究所@Azhong guo ren min da xue chuan bo mei jie guan li yan jiu suo@4编著 |
| 712 | 02 | @a中国人民大学新闻与社会发展研究中心@Azhong guo ren min da xue xin wen yu she hui fa zhan yan jiu zhong xin@4编著 |
| 801 | 0 | @aCN@bQSSKl@c20041104 |
| 905 | @a10447@dG219.245.51@eZ618 | |
| 潮声:孟玉兔与《钱江晚报》现象/中国人民大学传播媒介管理研究所, 中国人民大学新闻与社会发展研究中心编著.-北京:新华出版社,2003.09 |
| 215页:图, 照片;21cm |
| ISBN 7-5011-6419-3:CNY 50.00 |
| ● |
| 相关链接 |
|
|
|
正题名:潮声
索取号:G219.245.51/Z618
 
预约/预借
| 序号 | 登录号 | 条形码 | 馆藏地/架位号 | 状态 | 备注 |
| 1 | 425253 | 204252539 | 社科库409/409社科库 57排7列1层/ [索取号:G219.245.51/Z618] | 在馆 | |
| 2 | 425254 | 204252548 | 社科库409/409社科库 57排7列1层/ [索取号:G219.245.51/Z618] | 在馆 | |
| 3 | 425255 | 204252557 | 社科库409/409社科库 57排7列1层/ [索取号:G219.245.51/Z618] | 在馆 |